Vivienda y migración. Aportes desde la geografía crítica/
La implementación de políticas neoliberales
Spremljeno u:
| Daljnji autori: | |
|---|---|
| Format: | Knjiga |
| Jezik: | Spanish |
| Izdano: |
Ciudad de México
Ediciones Monosílabo
2018
|
| Oznake: |
Dodaj oznaku
Bez oznaka, Budi prvi tko označuje ovaj zapis!
|
MARC
| LEADER | 00000nam a22000007a 4500 | ||
|---|---|---|---|
| 003 | cru CIDCACS/IIS | ||
| 005 | 20221114120004.0 | ||
| 008 | 221114b2018 mx ||||| |||| 00| 0 spa d | ||
| 020 | |a 978-607-30-0711-5 | ||
| 040 | |c cru CIDCACS/IIS | ||
| 090 | |a 14.04.01 S165v | ||
| 245 | 1 | |a Vivienda y migración. |b Aportes desde la geografía crítica/ |c Luis Alberto Salinas Arreortua y Ana Melisa Pardo Montaño, editores | |
| 260 | |a Ciudad de México |b Ediciones Monosílabo |c 2018 | ||
| 300 | |a 266 páginas |b gráficos, ilustraciones | ||
| 520 | 3 | |a La implementación de políticas neoliberales | |
| 650 | 0 | 7 | |0 TESAUROS |
| 700 | 1 | |9 10287 |a Pardo Montaño, Ana Melissa | |
| 942 | |2 z |c LI | ||
| 999 | |c 44637 |d 44637 | ||



